Package of practices recommendations / (Record no. 6875)
[ view plain ]
| 000 -LEADER | |
|---|---|
| fixed length control field | 00505cam a2200193ua 4500 |
| 041 ## - LANGUAGE CODE | |
| Language code of text/sound track or separate title | eng |
| 082 ## - DEWEY DECIMAL CLASSIFICATION NUMBER | |
| Classification number | 631.5 |
| Item number | SUM/PA |
| 100 ## - MAIN ENTRY--AUTHOR NAME | |
| Personal name | Sumanagala kutty Amma, S . |
| 245 ## - TITLE STATEMENT | |
| Title | Package of practices recommendations / |
| 250 ## - EDITION STATEMENT | |
| Edition statement | 1 / |
| 260 ## - PUBLICATION, DISTRIBUTION, ETC. (IMPRINT) | |
| Place of publication | Thrissur : |
| Name of publisher | Kerala Agricultural University , |
| Year of publication | 1978. |
| 300 ## - PHYSICAL DESCRIPTION | |
| Number of Pages | 144 ; . |
| 942 ## - ADDED ENTRY ELEMENTS (KOHA) | |
| Koha item type | Books |
| Withdrawn status | Lost status | Damaged status | Home library | Current library | Date acquired | Cost, normal purchase price | Full call number | Accession Number | Koha item type | Public note |
|---|---|---|---|---|---|---|---|---|---|---|
| KAUAET | 07/04/2012 | 2.00 | 631.5 | 13821 | Books | |||||
| KAUAET | 07/04/2012 | 2.00 | 631.5 | 13815 | Books | |||||
| Withdrawn | KAUAET | KAUAET | 07/01/2025 | 2.00 | 631.5 SUM/PA | 13816 | Books | Withdrawn as per order no A3-2738/87/K Dis dated 3-11-89 | ||
| Withdrawn | KAUAET | KAUAET | 07/01/2025 | 2.00 | 631.5 SUM/PA | 13817 | Books | Withdrawn as per order no A3-2738/87/K Dis dated 3-11-89 | ||
| KAUAET | KAUAET | 07/01/2025 | 2.00 | 631.5 SUM/PA | 13818 | Books | ||||
| Withdrawn | KAUAET | KAUAET | 07/01/2025 | 2.00 | 631.5 SUM/PA | 13819 | Books | Withdrawn as per order no A3-2738/87/K Dis dated 3-11-89 | ||
| Withdrawn | KAUAET | KAUAET | 07/01/2025 | 2.00 | 631.5 SUM/PA | 13820 | Books | |||
| KAUAET | KAUAET | 07/01/2025 | 2.00 | 631.5 SUM/PA | 13822 | Books | ||||
| KAUAET | KAUAET | 07/01/2025 | 2.00 | 631.5 SUM/PA | 13823 | Books | ||||
| Withdrawn | KAUAET | KAUAET | 07/01/2025 | 2.00 | 631.5 SUM/PA | 13824 | Books | Withdrawn as per order no A3-2738/87/K Dis dated 3-11-89 |
